Audit of national contract awards at VA's national acquisition center.

Bibliographic Details
Corporate Authors: United States. Department of Veterans Affairs. Office of Inspector General, United States. Department of Veterans Affairs. Office of Audits & Evaluations
Format: Government Document eBook
Language:English
Published: Washington, DC : Dept. of Veterans Affairs, Office of Inspector General, Office of Audits and Evaluations, [2011]
Subjects:
Online Access:https://purl.fdlp.gov/GPO/gpo31563

MARC

Tag First Indicator Second Indicator Subfields
LEADER 00000cam a2200000 a 4500
001 in00002782493
005 20211120170452.0
006 m o d f
007 cr cn|||||||||
008 121123s2011 dcua o f000 0 eng c
035 |a (OCoLC)ocn819097813 
040 |a GPO  |c GPO  |d MvI  |d UtOrBLW 
042 |a pcc 
043 |a n-us--- 
049 |a WWW 
074 |a 0985-O (online) 
086 0 |a VA 1.118:10-01744-265 
088 |a 10-01744-265 
110 1 |a United States.  |b Department of Veterans Affairs.  |b Office of Inspector General. 
245 1 0 |a Audit of national contract awards at VA's national acquisition center. 
264 1 |a Washington, DC :  |b Dept. of Veterans Affairs, Office of Inspector General, Office of Audits and Evaluations,  |c [2011] 
300 |a 1 online resource (ii, 20 pages) :  |b color illustrations 
336 |a text  |b txt  |2 rdacontent 
337 |a computer  |b c  |2 rdamedia 
338 |a online resource  |b cr  |2 rdacarrier 
500 |a Title from title screen (viewed on Nov. 20, 2012). 
500 |a "September 2, 2011." 
500 |a "10-01744-265." 
500 |a Electronic resource. 
650 0 |a Public contracts  |z United States  |x Auditing. 
710 1 |a United States.  |b Department of Veterans Affairs.  |b Office of Audits & Evaluations. 
856 4 0 |u https://purl.fdlp.gov/GPO/gpo31563  |t 0 
999 |a MARS 
999 f f |s b552d3d0-ea21-388c-82ca-c02c15c4ccff  |i f15c4c01-18ea-33da-b21d-a761cea9f37b  |t 0 
952 f f |a Texas A&M University  |b College Station  |c Electronic Resources  |d Available Online  |t 0  |e VA 1.118:10-01744-265  |h Superintendent of Documents classification 
998 f f |a VA 1.118:10-01744-265  |t 0  |l Available Online